[Event "21st Honor to National Resistance"]
[Site "Nikaia GRE"]
[Date "2013.08.26"]
[Round "1.5"]
[White "Haliamanis,G"]
[Black "Nikoleris,E"]
[Result "1-0"]
[WhiteElo "2309"]
[BlackElo "1881"]

1.Nf3 d5 2.g3 Nf6 3.Bg2 Bg4 4.O-O e6 5.c4 c6 6.b3 Be7 7.Bb2 O-O 8.d3 Nbd7
9.Nc3 Qc7 10.Rc1 Rac8 11.Rc2 Qb8 12.Qa1 Rfd8 13.Nd1 Bd6 14.h3 Bxf3 15.Bxf3 Be5
16.d4 Bd6 17.Ne3 a6 18.Rfc1 Nf8 19.Kg2 g5 20.Ng4 Nxg4 21.hxg4 h5 22.gxh5 Nd7
23.Rh1 Nf6 24.Qc1 g4 25.Qg5+ Kf8 26.Qxf6 gxf3+ 27.exf3 Ke8 28.Qg7 Bf8 29.Qg8  1-0

[Event "15th Sants Open 2013"]
[Site "Barcelona ESP"]
[Date "2013.08.27"]
[Round "5.3"]
[White "Valdes,Le"]
[Black "Bruzon Batista,L"]
[Result "1/2-1/2"]
[WhiteElo "2440"]
[BlackElo "2698"]

1.Nf3 d5 2.g3 g6 3.Bg2 Bg7 4.d4 c6 5.b3 Nh6 6.O-O O-O 7.Bb2 Nf5 8.Qc1 a5
9.Rd1 Nd6 10.Ne5 Bf5 11.c4 Na6 12.Nc3 Rc8 13.c5 Nb5 14.Na4 Qc7 15.Nf3 Rce8
16.Qd2 Be4 17.Nc3 Rd8 18.e3 Bf5 19.Nxb5 cxb5 20.Qe2 b4 21.Rdc1 Nb8 22.a3 bxa3
23.Rxa3 Nc6 24.Bc3 Ra8 25.Ne1  1/2-1/2

[Event "20th Graz Open 2013"]
[Site "Graz AUT"]
[Date "2013.08.27"]
[Round "4.15"]
[White "Rudolph,K"]
[Black "Wallner,D"]
[Result "0-1"]
[WhiteElo "1876"]
[BlackElo "2097"]

1.Nf3 d5 2.g3 c6 3.Bg2 Bg4 4.d3 Nd7 5.Nbd2 Ngf6 6.c3 e5 7.e4 dxe4 8.Nxe4 Nxe4
9.dxe4 Be7 10.O-O O-O 11.Qc2 Qc7 12.h3 Bh5 13.Be3 f6 14.Nh4 Rfe8 15.g4 Bf7
16.b3 a5 17.Nf5 Nf8 18.Rfd1 b5 19.a4 Ne6 20.Nxe7+ Qxe7 21.Bf1 Reb8 22.c4 bxa4
23.Rxa4 c5 24.Rda1 Qc7 25.Kg2 Rb7 26.Qd2 Rba7 27.Be2 Be8 28.R4a3 Bc6 29.f3 Nd4
30.Bd1 Ne6 31.Qe1 Qd8 32.Bd2 Qd3 33.R3a2 Nd4 34.Rxa5 Rxa5 35.Rxa5 Rxa5 36.Bxa5 Nxb3
37.Bxb3 Qxb3 38.Qd2 h6 39.Qd8+ Kh7 40.Qc7 Qxc4 41.Qxc6 Qa2+ 42.Kg3 Qxa5 43.Qc8 Qa7
44.Qf5+ Kg8 45.Qe6+ Qf7 46.Qc8+ Qf8 47.Qe6+ Kh8 48.Qc6 Kh7 49.Kg2 Qe7 50.Kg3 Qa7
51.Qc8 c4 52.Qf5+ g6  0-1

[Event "20th Graz Open 2013"]
[Site "Graz AUT"]
[Date "2013.08.27"]
[Round "4.4"]
[White "Pfaffel,T"]
[Black "Schnider,G"]
[Result "0-1"]
[WhiteElo "2117"]
[BlackElo "2369"]

1.Nf3 d5 2.g3 Nf6 3.Bg2 c6 4.c4 Bf5 5.Qb3 Qb6 6.d3 e6 7.Be3 Qxb3 8.axb3 Bb4+
9.Nbd2 a5 10.O-O Nbd7 11.Bd4 Ke7 12.Bc3 Bg6 13.Ra2 Ra6 14.Rfa1 Rha8 15.h3 Ne8
16.Nh4 f6 17.Nxg6+ hxg6 18.e4 d4 19.Bxb4+ axb4 20.Rxa6 Rxa6 21.Rxa6 bxa6
22.Kf1 e5 23.Ke2 Nc5 24.Bf1 Nd6 25.Kd1 f5 26.f3 Kf6 27.Kc2 Kg5 28.h4+ Kh5
29.Bh3 g5 30.hxg5 Kxg5 31.exf5 Nxf5 32.Bxf5 Kxf5 33.Ne4 Nxe4 34.dxe4+ Ke6
35.c5 g5 36.g4 Kd7 37.Kd3 a5 38.Kd2 Kc7 39.Kc2 Kb8 40.Kd2 Ka7 41.Kd3 Kb7
42.Kc4 Ka6 43.f4 exf4 44.Kxd4 Kb5  0-1

[Event "TCh-SRB 1st League w 2013"]
[Site "Kragujevac SRB"]
[Date "2013.08.27"]
[Round "4.3"]
[White "Chelushkina,I"]
[Black "Mladenovic,J"]
[Result "0-1"]
[WhiteElo "2265"]
[BlackElo "2123"]

1.Nf3 d5 2.g3 c6 3.Bg2 Nf6 4.O-O Bg4 5.d4 e6 6.Ne5 Bf5 7.c4 Nbd7 8.Nc3 Be7
9.Qb3 Qb6 10.Nxd7 Nxd7 11.c5 Qxb3 12.axb3 e5 13.e3 O-O 14.b4 a6 15.e4 Bxe4
16.Bxe4 dxe4 17.d5 a5 18.d6 Bd8 19.Nxe4 f5 20.Nc3 Bf6 21.Rxa5 Rxa5 22.bxa5 Nxc5
23.b4 Nd3 24.Ba3 Rd8 25.b5 e4 26.bxc6 bxc6 27.Ne2 Ra8 28.Rb1 Rxa5 29.Rb8+ Kf7
30.Rb3 Ke6 31.g4 f4 32.d7 Kxd7 33.f3 c5 34.g5 Be5  0-1

[Event "24th Porto San Giorgio Open"]
[Site "Porto San Giorgio ITA"]
[Date "2013.08.27"]
[Round "7.2"]
[White "Drasko,M"]
[Black "Mchedlishvili,M"]
[Result "1/2-1/2"]
[WhiteElo "2462"]
[BlackElo "2633"]

1.Nf3 d5 2.g3 c6 3.Bg2 Bg4 4.O-O Nd7 5.d4 e6 6.Nbd2 Ngf6 7.Re1 Be7 8.e4 O-O
9.c3 Rc8 10.Qb3 Qb6 11.exd5 cxd5 12.Ne5 Nxe5 13.Qxb6 axb6 14.dxe5 Nd7 15.Nb3 Nc5
16.Bf1 Bf5 17.Nd4 Bg6 18.Re3 Bg5 19.Rf3 Be7 20.Re3 Bg5 21.Rf3  1/2-1/2

[Event "TCh-SRB 1st League w 2013"]
[Site "Kragujevac SRB"]
[Date "2013.08.28"]
[Round "5.4"]
[White "Chelushkina,I"]
[Black "Gakovic,Isidora"]
[Result "1-0"]
[WhiteElo "2265"]
[BlackElo "1712"]

1.g3 d5 2.Nf3 Nf6 3.Bg2 Bf5 4.O-O e6 5.c4 Be7 6.Qb3 Qc8 7.Nc3 c6 8.d3 h6
9.cxd5 exd5 10.e4 dxe4 11.Nd4 Bg6 12.dxe4 O-O 13.e5 Nfd7 14.e6 Ne5 15.exf7+ Bxf7
16.Qc2 Bc4 17.Rd1 Bf7 18.Be3 Na6 19.Nf5 Bf6 20.Nd6 Qe6 21.Ne2 Nd7 22.Nf4 Qe8
23.Nxe8  1-0

[Event "21st Honor to National Resistance"]
[Site "Nikaia GRE"]
[Date "2013.08.28"]
[Round "3.5"]
[White "Korlotsidis,S"]
[Black "Noutsos,S"]
[Result "1/2-1/2"]
[WhiteElo "2018"]
[BlackElo "1966"]

1.Nf3 d5 2.g3 c5 3.Bg2 g6 4.O-O Bg7 5.c4 Nf6 6.d3 O-O 7.Nc3 Nc6 8.cxd5 Nxd5
9.Nxd5 Qxd5 10.Be3 Qh5 11.Rc1 b6 12.Qa4 Bd7 13.Qa3 Bh3 14.Bxh3 Qxh3 15.Qa4 Qe6
16.Ng5 Qd5 17.b3 Rfd8 18.Qh4 h5 19.Nf3 Qe6 20.Qc4 Qxc4 21.Rxc4 Ne5 22.Nxe5 Bxe5
23.f4 Bf6 24.f5 Rd5 25.fxg6  1/2-1/2

[Event "21st Honor to National Resistance"]
[Site "Nikaia GRE"]
[Date "2013.08.28"]
[Round "3.20"]
[White "Sienczewski,Z"]
[Black "Papadimitriou,I"]
[Result "1-0"]
[WhiteElo "2052"]
[BlackElo "1781"]

1.g3 d5 2.Nf3 Nf6 3.Bg2 Bf5 4.c4 c6 5.b3 e6 6.O-O Be7 7.Bb2 h6 8.d3 O-O 9.Nbd2 Nbd7
10.Rc1 Re8 11.Rc2 Qa5 12.Qa1 Ba3 13.Ne5 Bxb2 14.Qxb2 Nxe5 15.Qxe5 Nd7 16.Qb2 Nf6
17.b4 Qc7 18.Rfc1 Rac8 19.Nb3 Qe7 20.Qa3 Bg6 21.cxd5 exd5 22.Nd4 a6 23.Qb2 Qe5
24.a4 Nd7 25.b5 axb5 26.axb5 c5 27.Bh3 f5 28.Nf3 Qxb2 29.Rxb2 Kf7 30.Nh4 Kf6
31.Bg2 Bf7 32.Nxf5  1-0

[Event "88th ch-ARG Superior 2013"]
[Site "Resistance/Saenz Pena ARG"]
[Date "2013.08.28"]
[Round "4.3"]
[White "Liascovich,L"]
[Black "Peralta,Fe"]
[Result "0-1"]
[WhiteElo "2447"]
[BlackElo "2609"]

1.Nf3 d5 2.g3 Nf6 3.Bg2 Bf5 4.d4 c6 5.O-O h6 6.c4 e6 7.Nc3 Nbd7 8.Qb3 Qb6
9.c5 Qa6 10.Re1 b6 11.cxb6 Qxb6 12.Ne5 Rc8 13.Nxd7 Nxd7 14.e4 dxe4 15.Nxe4 Be7
16.Bf4 Bxe4 17.Bxe4 Nf6 18.Bg2 O-O 19.Qxb6 axb6 20.Rac1 Nd5 21.Bxd5 cxd5
22.Bc7 b5 23.b3 Ba3 24.Rc2 Bb2 25.Rd1 b4 26.Rc5 Ra8 27.Ba5 Rfb8 28.Rd2 Ba1
29.Rd1 Bb2 30.Rd2 Bc1 31.Rdc2 Bg5 32.Bc7 Rb7 33.Bd6 Be7 34.Rc8+ Rxc8 35.Rxc8+ Kh7
36.Bxe7 Rxe7 37.Rb8 Ra7 38.Rxb4 Rxa2 39.Kg2 Re2 40.h4 g5 41.hxg5 hxg5 42.g4 Kg6
43.Kg3 f5 44.Rb8 Rd2 45.Rg8+ Kf6 46.gxf5 Kxf5 47.Rf8+ Kg6 48.f4 Rxd4 49.Rg8+ Kf7
50.Rxg5 Rd3+ 51.Kg4 Rxb3 52.Rh5 Ke7 53.f5 Rb4+ 54.Kg5 exf5 55.Kxf5 Kd6 56.Rh1 Kc5
57.Rc1+ Rc4 58.Rd1 Rc3 59.Ke5 Re3+ 60.Kf4 d4 61.Ra1 Re8 62.Kf3 d3  0-1

[Event "US Masters 2013"]
[Site "Greensboro USA"]
[Date "2013.08.29"]
[Round "1.3"]
[White "Meier,Geo"]
[Black "Denton,Bradley J"]
[Result "1/2-1/2"]
[WhiteElo "2610"]
[BlackElo "2288"]

1.Nf3 d5 2.g3 Bg4 3.Bg2 Nd7 4.c4 c6 5.cxd5 cxd5 6.Nc3 e6 7.Qb3 Qb6 8.Qxb6 Nxb6
9.Ne5 Bh5 10.Nb5 Kd8 11.Bf3 Bg6 12.d3 a6 13.Nc3 f6 14.Nxg6 hxg6 15.e4 d4
16.Ne2 e5 17.Bd2 Na4 18.O-O-O Ne7 19.Kb1 Nc6 20.h4 Bd6 21.Bg4 Nc5 22.Nc1 Kc7
23.f4 Raf8 24.Rdf1 f5 25.Bf3 fxe4 26.Bxe4 Rf6 27.fxe5 Nxe5 28.Bg5 Rxf1 29.Rxf1 Nxe4
30.dxe4 Rf8 31.Rxf8 Bxf8 32.Bf4 Bd6 33.Kc2 Nf3 34.Ne2 Kc6 35.Kd3 Be5 36.Nc1 Bd6
37.Nb3 Bxf4 38.gxf4 Nxh4 39.Nxd4+ Kc5 40.a3 Ng2 41.Ne2 a5 42.Kc3 a4 43.Kd3 Ne1+
44.Kd2 Ng2 45.Kc3 b5 46.Kd3 Ne1+ 47.Kd2 Ng2 48.Kc3 Ne3 49.Nc1 Nd1+ 50.Kc2 Ne3+
51.Kd3 Nd1 52.Kc2 Ne3+ 53.Kd2 Kd4 54.e5 Nc4+ 55.Kc2 Ne3+ 56.Kd2 Nc4+ 57.Kc2 g5
58.fxg5 Nxe5 59.Ne2+ Kc4 60.Nf4 Nf3 61.g6 Ne5 62.Ne6 Nxg6 63.Nxg7 Ne7 64.Ne8 Nf5
65.Nc7 Nd4+ 66.Kb1 Kc5  1/2-1/2

[Event "TCh-SRB 1st League w 2013"]
[Site "Kragujevac SRB"]
[Date "2013.08.29"]
[Round "6.5"]
[White "Zhukova,N"]
[Black "Ozturk,Ku"]
[Result "1-0"]
[WhiteElo "2468"]
[BlackElo "2254"]

1.Nf3 d5 2.g3 c5 3.Bg2 Nc6 4.d4 cxd4 5.Nxd4 e5 6.Nxc6 bxc6 7.O-O Bc5 8.c4 Ne7
9.Nc3 Be6 10.cxd5 cxd5 11.Qa4+ Bd7 12.Qh4 Bc6 13.Qg5 Ng6 14.Rd1 Bd4 15.Qxd8+ Rxd8
16.e3 Bxc3 17.bxc3 O-O 18.Ba3 Rfe8 19.Bc5 a6 20.Bf1 Ba4 21.Rd2 Re6 22.c4 Rc6
23.Ba3 d4 24.Rb1 Rcc8 25.Rb6 a5 26.c5 Nf8 27.exd4 exd4 28.Bh3 Rc6 29.Bg2 Re6
30.c6 h5 31.c7 Rde8 32.Rb8 Bd7 33.h3  1-0

[Event "TCh-SRB 1st League 2013"]
[Site "Kragujevac SRB"]
[Date "2013.08.29"]
[Round "6.1"]
[White "Vojinovic,G"]
[Black "Lukovic,V"]
[Result "1/2-1/2"]
[WhiteElo "2454"]
[BlackElo "2346"]

1.Nf3 d5 2.g3 Nf6 3.Bg2 g6 4.O-O Bg7 5.d3 O-O 6.Nc3 d4 7.Na4 Nc6 8.Bd2 e5
9.a3 Re8 10.b4 a6 11.c4 e4 12.Ng5 exd3 13.exd3 Ne5 14.Bf4 h6 15.Bxe5 Rxe5
16.Nf3 Bg4 17.h3 Bxf3 18.Qxf3 c6 19.Rfe1 Nd7 20.Rxe5 Nxe5 21.Qe4 Qc7 22.c5 f5
23.Qe2 Qf7 24.f4 Nc4 25.Qa2 Ne3 26.Qxf7+ Kxf7 27.Nb6 Re8 28.Bf3 Nc2 29.Ra2 Re3
30.Kf2 Ne1 31.Be2 Nxd3+ 32.Bxd3 Rxd3 33.Nc4 Bf6 34.Nd6+ Ke6 35.Re2+ Kd7 36.Nc4 h5
37.Nb6+ Kd8 38.Re6 Be7 39.Rxg6 Ke8 40.Nc8 Bf8 41.Nd6+ Bxd6 42.Rxd6 h4 43.gxh4 Rxa3
44.h5 Rxh3 45.h6 d3 46.Rg6 Rh2+ 47.Ke1 Kf7 48.Rd6 Ke7 49.Rg6 Rh4 50.Kd2 Rxf4
51.Rg7+ Ke6 52.Rxb7 Rh4 53.Rb6 Kd5 54.Kxd3 Rh3+ 55.Ke2 a5 56.bxa5 Kxc5 57.Rb8 Rxh6
58.Rb1 Rh2+ 59.Kd3 Rh3+ 60.Kd2  1/2-1/2

[Event "78th ch-ESP 2013"]
[Site "Linares ESP"]
[Date "2013.08.29"]
[Round "1.19"]
[White "Leon Acosta,Miguel"]
[Black "Espinosa Aranda,A"]
[Result "1/2-1/2"]
[WhiteElo "2005"]
[BlackElo "2392"]

1.Nf3 d5 2.g3 g6 3.Bg2 Bg7 4.O-O e5 5.d3 Ne7 6.Nbd2 O-O 7.e4 Nbc6 8.Re1 h6
9.b3 d4 10.a4 a5 11.h3 Be6 12.Nc4 Qd7 13.Kh2 Rae8 14.Bd2 b6 15.Ng1 f5 16.f3 f4
17.g4 g5 18.Nb2 Ng6 19.Rf1 Kf7 20.Ne2 Rh8 21.Kg1 Bf8 22.Kf2 h5 23.Rh1 Bc5
24.Nc1 Rh6 25.Na2 Reh8 26.Qe2 Nh4 27.Rag1 Kf6 28.Rh2 Ng6 29.Rhh1 Qh7 30.Qe1 Nh4
31.Rh2 Qe7 32.Rhh1 Nxg2 33.Kxg2 Qh7 34.Nd1 hxg4 35.hxg4 Rh2+ 36.Rxh2 Qxh2+
37.Kf1 Rh3 38.Qe2 Qxe2+ 39.Kxe2 Rh8 40.Nf2 Rb8 41.Rh1 Kg6 42.Nd1 Be7 43.Nb2 Bf6
44.Kf2 Nd8 45.Nc4 Nb7 46.Bc1 Bxc4 47.dxc4 d3 48.Ba3 dxc2 49.Ke2 Rd8 50.Nc1 Rh8
51.Rxh8 Bxh8 52.Kd2 Kf7 53.Nd3 Ke6 54.Kxc2 Bf6 55.b4 axb4 56.Bxb4 Nd8 57.a5 bxa5
58.Bxa5 Nc6 59.Bc3 Be7 60.Kb3 Bd6  1/2-1/2

[Event "24th Porto San Giorgio Open"]
[Site "Porto San Giorgio ITA"]
[Date "2013.08.29"]
[Round "9.7"]
[White "Drasko,M"]
[Black "Ramirez Garcia,J"]
[Result "1-0"]
[WhiteElo "2462"]
[BlackElo "2303"]

1.Nf3 d5 2.g3 c6 3.Bg2 Bg4 4.O-O Nd7 5.d3 e5 6.c4 dxc4 7.dxc4 Ngf6 8.Nc3 Be7
9.Qc2 O-O 10.b3 Qc7 11.Bb2 Nc5 12.h3 Bh5 13.Nh4 Rfd8 14.g4 Bg6 15.Nxg6 hxg6
16.Rad1 Rxd1 17.Rxd1 Rd8 18.e3 Rxd1+ 19.Qxd1 Qd7 20.Bf1 Qxd1 21.Nxd1 Nfd7
22.f3 Kf8 23.Nc3 a5 24.Kf2 Bg5 25.Ba3 Ke8 26.Ke2 Kd8 27.Bc1 Bf6 28.Bd2 Kc7
29.Kd1 Bd8 30.Kc2 Be7 31.Be1 Bg5 32.Nd1 b6 33.a3 Be7 34.b4 Nb7 35.Kb3 axb4
36.axb4 Bg5 37.Bg3 Nd6 38.Bd3 Be7 39.Nc3 Kb7 40.Kc2 Bf6 41.Ne4 Be7 42.Kc3 Ne8
43.h4 Nc7  1-0

[Event "18th Konik Morski"]
[Site "Rewal POL"]
[Date "2013.08.29"]
[Round "9.4"]
[White "Voloshin,L"]
[Black "Musialkiewicz,P"]
[Result "0-1"]
[WhiteElo "2420"]
[BlackElo "2191"]

1.Nf3 d5 2.g3 c6 3.Bg2 Bg4 4.c4 e6 5.Qc2 Nd7 6.d3 Bd6 7.Nbd2 Ngf6 8.O-O O-O
9.b3 a5 10.a3 Re8 11.Bb2 e5 12.e4 dxe4 13.dxe4 Qe7 14.h3 Bxf3 15.Nxf3 b6
16.Rfd1 Nc5 17.b4 Ncd7 18.c5 bxc5 19.bxa5 Rxa5 20.Nd2 Bc7 21.a4 Rea8 22.Bc3 R5a7
23.Rdb1 g6 24.Nc4 Nh5 25.a5 Ng7 26.h4 Ne6 27.Bh3 Nd4 28.Qd3 Nf8 29.Kg2 Nfe6
30.Bd2 h5 31.Rb2 Rd8 32.Qe3 Nf4+ 33.gxf4 exf4 34.Qe1 f3+ 35.Kh1 Qxh4 36.Qf1 Ne2
37.Be3 Qxe4 38.Ra4 Qh4 39.Nb6 Qxh3+  0-1

[Event "74th ch-ARM 1st League"]
[Site "Yerevan ARM"]
[Date "2013.08.29"]
[Round "8.6"]
[White "Gabuzyan,H"]
[Black "Kotanjian,T"]
[Result "0-1"]
[WhiteElo "2540"]
[BlackElo "2500"]

1.Nf3 d5 2.g3 c6 3.Bg2 Bg4 4.O-O e6 5.d4 Nd7 6.Nbd2 Bxf3 7.Bxf3 f5 8.c4 Bd6
9.Qb3 Rb8 10.Bg2 h5 11.h4 Ngf6 12.cxd5 exd5 13.Qe3+ Kf7 14.Nf3 Ne4 15.Ne5+ Nxe5
16.dxe5 Bxe5 17.Qxa7 Re8 18.Qa3 Qb6 19.Qf3 g6 20.Rb1 Bxg3 21.Be3 d4 22.Bf4 Bxf4
23.Qxf4 Rbd8 24.Rbd1 c5 25.Rc1 Qd6 26.Qxd6 Rxd6 27.Bxe4 Rxe4 28.Rxc5 Rg4+
29.Kh2 Rxh4+ 30.Kg3 Re4 31.Rc7+ Kf6 32.Rxb7 Rxe2 33.Kf3 d3 34.Rd1 g5 35.Rxd3 Rxf2+
36.Kxf2 Rxd3 37.a4 g4 38.a5 g3+ 39.Kg2 h4 40.a6 Rd2+ 41.Kf3 Rf2+ 42.Ke3 Rf1
43.Rb6+ Kg5 44.Rb8 f4+ 45.Ke2 Ra1 46.Kf3 h3 47.Rg8+ Kf6 48.a7 h2  0-1

[Event "74th ch-ARM 1st League"]
[Site "Yerevan ARM"]
[Date "2013.08.29"]
[Round "8.1"]
[White "Grigoryan,K2"]
[Black "Baghdasaryan,V"]
[Result "1-0"]
[WhiteElo "2550"]
[BlackElo "2414"]

1.Nf3 d5 2.g3 c6 3.Bg2 Nf6 4.O-O Bg4 5.d3 Nbd7 6.Nbd2 e5 7.e4 Bd6 8.h3 Bxf3
9.Qxf3 O-O 10.a3 Nc5 11.b4 Ne6 12.exd5 Nd4 13.Qd1 Nxd5 14.Bb2 Bc7 15.c3 Ne6
16.Re1 Re8 17.Qb3 Qg5 18.Nf3 Qg6 19.Qd1 Ndf4 20.Nh4 Qf6 21.Bf1 Rad8 22.Rc1 Bb6
23.Rc2 Ng6 24.Nf3 Ng5 25.Nxg5 Qxg5 26.Qg4 Qf6 27.h4 Re6 28.Re4 Qe7 29.Bc1 Rf8
30.Qf5 Qd7 31.Re1 Nf4 32.Rxe5  1-0

[Event "XXX Collado Villalba Open 2013"]
[Site "Collado Villalba ESP"]
[Date "2013.08.30"]
[Round "8.13"]
[White "Rincon Carrillo,R"]
[Black "Pastor Alonso de Prado,E"]
[Result "0-1"]
[WhiteElo "1956"]
[BlackElo "2128"]

1.Nf3 d5 2.g3 c6 3.d4 Bg4 4.Ne5 Bh5 5.c3 Nf6 6.Qb3 Qb6 7.Qxb6 axb6 8.Na3 e6
9.Nc2 Nfd7 10.g4 Bg6 11.Nxg6 hxg6 12.Bf4 Nf6 13.f3 Nbd7 14.e3 b5 15.Bc7 Be7
16.Bd3 Kf8 17.O-O Ne8 18.Bf4 Bd6 19.Bg3 e5 20.Kg2 exd4 21.cxd4 Bxg3 22.hxg3 Nd6
23.b3 Ke7 24.a3 g5 25.Rh1 Rxh1 26.Rxh1 Nf6 27.Kf2 b6 28.Rd1 c5 29.Be2 Ke6
30.Kg2 Nfe8 31.dxc5 bxc5 32.b4 c4 33.Nd4+ Kf6 34.Nc2 Nc7 35.Ra1 g6 36.Bd1 Ne6
37.Be2 Ne8 38.Rd1 N8c7 39.Ra1 Ke5 40.f4+ gxf4 41.gxf4+ Kf6 42.g5+ Ke7 43.Bf3 Rd8
44.Kg3 d4 45.exd4 Nxd4 46.Re1+ Nde6 47.Ne3 Kf8 48.Rd1 Nd4 49.Bg4 Nce6 50.Bxe6 fxe6
51.Kf2 Ke7 52.a4 bxa4 53.Nxc4 Nb5 54.Rxd8 Kxd8 55.Na5 Nc3 56.Ke3 Kc7 57.Nc4 Kc6
58.Ne5+ Kb5 59.Kd2 a3 60.Nd3 a2  0-1

[Event "11th Kesan Open"]
[Site "Edirne TUR"]
[Date "2013.08.30"]
[Round "7.9"]
[White "Ersahin,B"]
[Black "Aydin,Hakan Arda"]
[Result "1/2-1/2"]
[WhiteElo "2193"]
[BlackElo "1573"]

1.Nf3 d5 2.g3 Nf6 3.Bg2 c6 4.O-O Bg4 5.d4 Nbd7 6.c4 e6 7.Qb3 Qb6 8.c5 Qxb3
9.axb3 Be7 10.b4 O-O 11.Nc3 Rfe8 12.Bf4 Nh5 13.Be3 Nhf6 14.b5 Bxf3 15.Bxf3 e5
16.b4 a6 17.bxc6 bxc6 18.Ra4 exd4 19.Bxd4 a5 20.b5 cxb5 21.Nxb5 Rec8 22.Rfa1 Nxc5
23.Rxa5 Rxa5 24.Rxa5 Nce4 25.Ra7 Bf8 26.Nc7 Rd8 27.Kg2 h6 28.e3 Bc5 29.Bxc5 Nxc5
30.Ra5 Nce4 31.Nxd5 Rxd5 32.Rxd5 Nxd5 33.Bxe4 Nf6 34.Bc2 Kf8 35.Kf3 Ke7 36.Kf4 Nh5+
37.Ke5 Nf6 38.Bf5 Ne8 39.Bd3 Nf6 40.Bf5 Ne8 41.h4 Nd6 42.Bd3 Ne8 43.g4 Nf6
44.f3 Nd7+ 45.Kf5 Nc5 46.Bc4 Nd7 47.g5 hxg5 48.hxg5 f6 49.f4 Nf8 50.Bb3 g6+
51.Kg4 f5+ 52.Kf3 Nd7 53.Ke2 Nc5 54.Bd5 Nd7 55.Kd2 Nf8 56.Kc3 Kd6 57.Kd4 Nd7
58.Bf7 Nf8 59.Bc4 Nd7 60.Ba6 Nf8 61.Bc8 Nh7 62.Kc4 Nf8 63.Kd3 Nh7 64.Kd4 Nf8
65.e4 fxe4 66.Kxe4 Nh7 67.Ba6 Ke7 68.Ke5 Kf8 69.Bd3 Kg7 70.Ke6 Nf8+ 71.Ke7 Nh7
72.Ke8 Nf8 73.Ke7 Nh7 74.Bc2 Nf8 75.Bb3 Nh7 76.Bf7 Nf8 77.Ke8 Nh7 78.Be6 Nf8
79.Ba2 Nh7 80.Bb1 Nf8 81.Bxg6 Nxg6 82.f5 Nh8 83.Ke7 Nf7 84.g6 Ne5 85.f6+ Kxg6
86.f7 Nxf7  1/2-1/2

[Event "11th Kesan Open"]
[Site "Edirne TUR"]
[Date "2013.08.30"]
[Round "7.4"]
[White "Benidze,D"]
[Black "Ozturk,E"]
[Result "1-0"]
[WhiteElo "2514"]
[BlackElo "2201"]

1.Nf3 d5 2.g3 c6 3.Bg2 Bg4 4.c4 e6 5.O-O Nf6 6.cxd5 exd5 7.h3 Bxf3 8.Bxf3 Bd6
9.d3 Nbd7 10.e4 O-O 11.Bg2 dxe4 12.dxe4 Nc5 13.Qc2 Re8 14.Re1 Bf8 15.Rd1 Qe7
16.Nc3 Rad8 17.Rxd8 Qxd8 18.Be3 Qe7 19.Re1 Qd8 20.b3 b6 21.f4 Na6 22.Qe2 Qc8
23.e5 Nd5 24.Nxd5 cxd5 25.Bxd5 Bb4 26.Rc1 Qxh3 27.Bf2 Ba3 28.e6 fxe6 29.Rc8 Bf8
30.Rxe8 exd5 31.Qe7 Qf5 32.Qxa7 Nc5 33.Qxb6  1-0

[Event "TCh-POL Ekstraliga 2013"]
[Site "Gorzow Wielkopolski POL"]
[Date "2013.08.30"]
[Round "4.1"]
[White "Urban,K"]
[Black "Murdzia,P"]
[Result "1-0"]
[WhiteElo "2465"]
[BlackElo "2462"]

1.Nf3 d5 2.g3 c6 3.Bg2 Bg4 4.h3 Bxf3 5.Bxf3 Nd7 6.d3 Ngf6 7.O-O e5 8.c4 d4
9.b3 a5 10.Na3 Bd6 11.Nc2 O-O 12.Rb1 Re8 13.Bg2 Nc5 14.e3 dxe3 15.Bxe3 Bf8
16.d4 exd4 17.Bxd4 Nce4 18.Re1 Bb4 19.Re3 Bd2 20.Re2 Nc3 21.Rxe8+ Nxe8 22.Qxd2 Nxb1
23.Qc1 c5 24.Bb2 Qd3 25.Bf1 Qd2 26.Qxb1 Nd6 27.Ne3 Re8 28.Qc1 Qxc1 29.Bxc1 a4
30.Kg2 Ne4 31.Nd5 axb3 32.axb3 Ra8 33.Bd3 Nd6 34.Be3 Ra3 35.Bc2 Ra2 36.Bxc5 Nxc4
37.Bxh7+ Kxh7 38.bxc4 Rb2 39.Be3 Rc2 40.c5 f6 41.Kf3 Kg6 42.h4 Rc4 43.Ne7+ Kf7
44.Nf5 Rb4 45.h5 Rb1 46.Ke4 g6 47.Nd6+ Kg7 48.hxg6 Kxg6  1-0

[Event "20th Graz Open 2013"]
[Site "Graz AUT"]
[Date "2013.08.30"]
[Round "7.4"]
[White "Titz,Hei"]
[Black "Fahrner,K"]
[Result "0-1"]
[WhiteElo "2206"]
[BlackElo "2370"]

1.Nf3 d5 2.g3 Nf6 3.Bg2 c6 4.O-O Bf5 5.b3 Nbd7 6.Bb2 e6 7.d3 h6 8.Nbd2 Bh7
9.c4 Be7 10.cxd5 cxd5 11.Rc1 O-O 12.Rc2 Qa5 13.Qa1 Rfc8 14.Rfc1 Qd8 15.h3 Bf8
16.Kf1 Ne8 17.Ne5 Nxe5 18.Bxe5 Nd6 19.Bb2 Qa5 20.a3 Qa6 21.Rxc8 Rxc8 22.Rxc8 Nxc8
23.Qc1 Nd6 24.Qc2 Qa5 25.Nb1 Bg6 26.Bf3 f6 27.h4 Bf7 28.e3 Bg6 29.Be2 Be8
30.b4 Qd8 31.Nd2 a5 32.d4 axb4 33.axb4 Nb5 34.Nb3 b6 35.Nc1 Nd6 36.Na2 Qa8
37.Nc3 Nc4 38.e4 Bxb4 39.exd5 Nxb2 40.Qxb2 Bxc3 41.Qxc3 Qxd5 42.Bf3 Bb5+
43.Kg2 Qc4 44.Qe3 Bc6 45.Bxc6 Qxc6+ 46.Kg1 Qd5 47.Qc3 b5 48.Qc8+ Kh7 49.Qc5 Kg6
50.Qe7 h5 51.Qe8+ Kh7 52.Qb8 Qc6 53.Qf8 Kg6 54.Qc5 Qxc5 55.dxc5 Kf7  0-1

[Event "TCh-SRB 1st League w 2013"]
[Site "Kragujevac SRB"]
[Date "2013.08.30"]
[Round "7.6"]
[White "Maksimovic,S"]
[Black "Benderac,A"]
[Result "1/2-1/2"]
[WhiteElo "2182"]
[BlackElo "2225"]

1.Nf3 d5 2.g3 Nf6 3.Bg2 c6 4.O-O Bg4 5.d3 Bxf3 6.Bxf3 e6 7.Nd2 Nbd7 8.e4 Be7
9.Bg2 O-O 10.exd5 exd5 11.Nf3  1/2-1/2

[Event "XXX Collado Villalba Open 2013"]
[Site "Collado Villalba ESP"]
[Date "2013.08.31"]
[Round "9.11"]
[White "Lopez Heras,A"]
[Black "Martin Martin,Lu"]
[Result "1/2-1/2"]
[WhiteElo "1957"]
[BlackElo "2034"]

1.Nf3 d5 2.g3 Nf6 3.Bg2 Bf5 4.d3 h6 5.O-O e6 6.c4 c6 7.cxd5 cxd5 8.Nc3 Nc6
9.Qa4 Qd7 10.e4 Bg4 11.exd5 exd5 12.Re1+ Be6 13.Bf4 Be7 14.Rac1 O-O 15.Nd4 Nxd4
16.Qxd4 Bd6 17.Bxd6 Qxd6 18.Nb5 Qd7 19.Nc7 Rab8 20.Nxe6 fxe6 21.Bh3 e5 22.Bxd7 exd4
23.Re7 Nxd7 24.Rxd7 Rbc8 25.Rxc8 Rxc8 26.Rxb7 Rc2 27.Rxa7 Rxb2 28.Ra4 Kf7
29.Rxd4 Ke6 30.Ra4 Rd2 31.d4 Kf5 32.Kf1 Ke4 33.Ke1 Rb2 34.h4 g5 35.Ra6 gxh4
36.Rxh6 hxg3 37.fxg3 Rxa2  1/2-1/2

[Event "XXX Collado Villalba Open 2013"]
[Site "Collado Villalba ESP"]
[Date "2013.08.31"]
[Round "9.1"]
[White "Hernando Pertierra,J"]
[Black "Roa Alonso,S"]
[Result "1-0"]
[WhiteElo "2375"]
[BlackElo "2402"]

1.Nf3 d5 2.g3 Nf6 3.Bg2 c6 4.O-O Bf5 5.b3 h6 6.Bb2 e6 7.d3 Be7 8.Nbd2 O-O
9.Ne5 Nfd7 10.e4 Bh7 11.Nxd7 Nxd7 12.f4 Nc5 13.Qg4 Bf6 14.e5 Be7 15.Kh1 a5
16.a3 a4 17.b4 Nd7 18.Qf3 Kh8 19.Bh3 b6 20.Rad1 c5 21.b5 f6 22.Bxe6 fxe5
23.Qxd5 Ra7 24.fxe5  1-0

[Event "TCh-SRB 1st League 2013"]
[Site "Kragujevac SRB"]
[Date "2013.08.31"]
[Round "8.4"]
[White "Arsovic,Z"]
[Black "Kojovic,D"]
[Result "1/2-1/2"]
[WhiteElo "2425"]
[BlackElo "2412"]

1.Nf3 d5 2.g3 Nc6 3.d4 Bg4 4.Bg2 Qd7 5.c4 e6 6.O-O Nge7 7.Nc3 Bxf3 8.Bxf3 dxc4
9.Qa4 Nd5 10.Qxc4 Nb6 11.Qb5 a6 12.Qg5 h6 13.Qg4 O-O-O 14.d5 Ne5 15.dxe6 Nxf3+
16.exf3 Qxe6 17.Qxe6+ fxe6 18.Ne4 Nd5 19.Be3 b6 20.a3 a5 21.Rfc1 Kb7 22.Rc4 Be7
23.Rac1 c5 24.h4 Rhf8 25.Kg2 Rd7 26.R4c2 Ka6 27.Rc4 Rfd8 28.Kf1 Kb7 29.Ke2 Rc7
30.R4c2 Rdc8 31.g4 Rf8 32.Rh1 Rd7 33.Rcc1 Kc6 34.Rc2 Bd6 35.Rb1 Kb5 36.Nc3+ Ka6
37.Ne4 Be7 38.Rh1 Rfd8 39.g5 h5 40.Rhc1 g6 41.Rc4 Rf8 42.Bd2 Kb7 43.Be3 Rc8
44.R4c2 Rdc7 45.Rc4 Bf8 46.R1c2 Rf7 47.Rc1 Rc6 48.Bd2 Rfc7 49.Be3 Bg7 50.R4c2 a4
51.Nd2 Rf7 52.Ne4 Be5 53.Nd2 Nf4+ 54.Kf1 Nd3 55.Rb1 Ka6 56.b3 axb3 57.Rxb3 Rd7
58.a4 Nf4 59.Rc4 Nd5 60.Ke2 Nxe3  1/2-1/2

[Event "78th ch-ESP 2013"]
[Site "Linares ESP"]
[Date "2013.08.31"]
[Round "3.5"]
[White "Suarez Garcia,C"]
[Black "Alonso Rosell,A"]
[Result "1/2-1/2"]
[WhiteElo "2321"]
[BlackElo "2550"]

1.Nf3 d5 2.g3 c6 3.Bg2 Bf5 4.O-O h6 5.d3 e6 6.c4 Nf6 7.b3 Be7 8.Bb2 O-O 9.Nbd2 a5
10.a3 Bh7 11.Ne5 Nbd7 12.Nxd7 Nxd7 13.Qc2 Bc5 14.b4 axb4 15.axb4 Rxa1 16.Bxa1 Be7
17.b5 Bg6 18.Rb1 Nc5 19.bxc6 bxc6 20.Bd4 Qd6 21.Qb2 f6 22.cxd5 cxd5 23.Qb6 Nd7
24.Qxd6 Bxd6 25.Rb7 Rd8 26.Nb3 Bf7 27.Bc3 Nc5 28.Nxc5 Bxc5 29.Bb4 Bxb4 30.Rxb4 Rc8
31.Bf3 Kf8 32.Rb7 Rc1+  1/2-1/2

[Event "21st Honor to National Resistance"]
[Site "Nikaia GRE"]
[Date "2013.08.31"]
[Round "6.17"]
[White "Papakonstantinou,Di2"]
[Black "Giordos,V"]
[Result "0-1"]
[WhiteElo "1910"]
[BlackElo "1939"]

1.Nf3 d5 2.g3 g6 3.Bg2 Bg7 4.O-O Nf6 5.c4 c6 6.Nc3 O-O 7.d4 Nbd7 8.Re1 dxc4
9.e4 b5 10.e5 Nd5 11.e6 N7b6 12.exf7+ Rxf7 13.Ne5 Bxe5 14.dxe5 Bf5 15.Bg5 Qd7
16.Ne4 Bxe4 17.Bxe4 e6 18.h4 Na4 19.h5 Nxb2 20.Qb1 Nd3 21.hxg6 hxg6 22.Bxd3 cxd3
23.Qxd3 Kg7 24.Re4 Rf5 25.Bf6+ Kf7 26.g4 Nxf6 27.Qxd7+ Nxd7 28.gxf5 gxf5
29.Re2 a5 30.Rc1 c5 31.f4 b4 32.Rd2 Ke7 33.Kf2 Rh8 34.Kg3 a4 35.Rcd1 Nb6
36.Rd6 Rg8+ 37.Kf3 Nd5 38.Rh1 Rg7 39.Rh8 c4 40.Rc6 c3 41.Ra8 Rg4 42.Rcc8 Rxf4+
43.Kg3 Rg4+ 44.Kf3 Kd7 45.Rd8+ Kc6 46.Rdc8+ Nc7 47.Ke2 Rd4 48.Rxa4 c2 49.Ra7 Rd7  0-1